Medien professionell informieren. 15 Regeln für eine erfolgreiche Medien-Konferenz.
15 pravidiel, pomocou ktorých sa má zabezpečiť pozitívna prítomnosť podniku v masovokomunikačných prostriedkoch a zlepšiť kontakt medzi podnikom a médiami. Zabezpečenie obsahu informácií z hľadiska noviniek. Okruh pozvaných, stanovenie termínu a správna organizácia konferencie.
Gespeichert in:
| 1. Verfasser: | |
|---|---|
| Format: | Buchkapitel |
| Sprache: | Deutsch |
| Schlagworte: | |
| Tags: |
Keine Tags, Fügen Sie das erste Tag hinzu!
|
MARC
| LEADER | 00000naa a2200000 4500 | ||
|---|---|---|---|
| 001 | r003205 | ||
| 005 | 20220819192104.5 | ||
| 041 | 0 | |a ger | |
| 044 | |a DE | ||
| 245 | 1 | 0 | |a Medien professionell informieren. |b 15 Regeln für eine erfolgreiche Medien-Konferenz. |c M. Spieler |
| 520 | |a 15 pravidiel, pomocou ktorých sa má zabezpečiť pozitívna prítomnosť podniku v masovokomunikačných prostriedkoch a zlepšiť kontakt medzi podnikom a médiami. Zabezpečenie obsahu informácií z hľadiska noviniek. Okruh pozvaných, stanovenie termínu a správna organizácia konferencie. | ||
| 610 | 2 | 0 | |a informácie |
| 610 | 2 | 0 | |a podnik |
| 610 | 2 | 0 | |a prostriedky masovokomunikačné |
| 610 | 2 | 0 | |a konferencie |
| 610 | 2 | 0 | |a propagácia |
| 100 | 1 | |a Spieler, M. | |